LEADER 01101nam a2200265 i 4500 001 000000245904 003 CaOOAMICUS 005 20151020000000.0 008 151020s1941 it u000 u ita u 013 $a224809 040 $aSeMil$bita 100 1 $aSala, Felice Maria .$0(OLS)http://semarc/name/69462 245 10$aPadre Giovanni Semeria Barnabita /$cP. Felice M. Sala B. 260 $aTorino :$bLICE-Berruti & C.,$c1941. 300 $a256 p., [7] p. di tav. ;$c19 cm. 490 0 $aCollana scrittori barnabiti ;$v9. 500 $aContiene : Appendice. - Fondo card. Giovanni Colombo. 600 14$aSemeria, Giovanni <1867-1931>.$0(OLS)http://semarc/subject/36475 830 0$aCollana scrittori barnabiti ;$v9.$0(OLS)http://semarc/title/44267 850 $aSeMil 852 $aSeMil$W1$xVenegono$y1$m3GC II 456$j196250$B196250$CSeMilBibl$Z2$F207060 $8B 941 1 $a3 961 $aLascito: Colombo Card. Giovanni 996 $6245$aPadre Giovanni Semeria Barnabita$9(OLS)http://semarc/title/273573 996 $6260$aTorino :$bLICE-Berruti & C.$9(OLS)http://semarc/publisher/32683 LEADER 01097nam a2200229 i 4500 001 000000235927 003 CaOOAMICUS 005 20230724124426.0 008 141118s1853 it u000 u ita u 040 $aSeMil$bita 100 1 $aLa Croix de Ravignan, Gustave-Xavier : de,$c.$0(OLS)http://semarc/name/80616 245 10$aConferenze tenute dal padre di Ravignan precedute da una biografia del medesimo /$cversione italiana del sacerdote Giacinto Longoni. 260 $aMilano :$bGiuseppe Redaelli,$c1853. 300 $a223 p. ;$c23 cm. 500 $aLegato con 3C-II-58 FA. 600 14$aRavignan, Gustave Xavier Delacroix : de .$0(OLS)http://semarc/subject/3637 700 1 $aLongoni, Giacinto.$0(OLS)http://semarc/name/74824 850 $aSeMil 852 $aSeMil$W1$xVenegono$y1$m3C II 61 FA$j186273$B186273$CSeMilBibl$Z2$F197135 $8I 996 $6245$aConferenze tenute dal padre di Ravignan precedute da una biografia del medesimo$9(OLS)http://semarc/title/336209 996 $6260$aMilano :$bGiuseppe Redaelli$9(OLS)http://semarc/publisher/37053